Countries of Africa 1843 (with map) Quiz Stats

 Plays Quiz not verified by Sporcle

Score 0/27 Timer 10:00
0 Plays Today
% Correct
Egypt
95.6%
Morocco
93.2%
Algiers
88.5%
Soudan
86.1%
Madagascar
85.1%
Tunis
81.4%
Liberia
73.8%
Somauli
70.8%
Tripoli
68.1%
Guinea
62.5%
Congo
61.8%
Mozambique
60.6%
Angola
60.5%
Sierra Leone
57.4%
% Correct
Abyssinia
54.9%
Cape Colony
40.7%
Nubia
25.8%
Fezzan
18.2%
Senegambia
16.2%
Biafra
12%
Zanguebar
11.5%
Caffraria
10.8%
Barca
10.3%
Benguela
9.3%
Donga
8.8%
Ajan
8.3%
Loango
8.1%

You're not logged in!

Compare scores with friends on all Sporcle quizzes.
OR
Log In

Sporcle TV

Today on Sporcle TV


Watch our educational content, quiz creation guides, and fun videos on Sporcle TV.

Show Comments

Extras

Top Quizzes Today


Score Distribution

Your Account Isn't Verified!

In order to create a playlist on Sporcle, you need to verify the email address you used during registration. Go to your Sporcle Settings to finish the process.

Report this User

Report this user for behavior that violates our Community Guidelines.

Details: